Τα μαθηματικά στις εισαγωγικές εξετάσεις των ΑΕΙ : τα θέματα μιας δεκαετίας 1976-1985
Αποθηκεύτηκε σε:
| Συγγραφή απο Οργανισμό/Αρχή: | |
|---|---|
| Μορφή: | Βιβλίο |
| Γλώσσα: | Greek |
| Δημοσίευση: |
[Αθήνα] :
Ελληνική Μαθηματική Εταιρεία,
1986
|
| Θέματα: | |
| Ετικέτες: |
Προσθήκη ετικέτας
Δεν υπάρχουν, Καταχωρήστε ετικέτα πρώτοι!
|
MARC
| LEADER | 00000cam a2200000 a 4500 | ||
|---|---|---|---|
| 001 | 1/106473 | ||
| 008 | 150522s1986####gr | ||| |||| ||gre|| | ||
| 040 | |a GR-MyUa |b gre |c GR-MyUa |e AACR2 | ||
| 041 | 0 | |a gre | |
| 082 | 7 | |a 510.712 |2 (23) | |
| 110 | 2 | |a Ελληνική Μαθηματική Εταιρεία. | |
| 245 | 1 | 2 | |a Τα μαθηματικά στις εισαγωγικές εξετάσεις των ΑΕΙ : |b τα θέματα μιας δεκαετίας 1976-1985 / |c Ελληνική Μαθηματική Εταιρεία |
| 260 | |a [Αθήνα] : |b Ελληνική Μαθηματική Εταιρεία, |c 1986 | ||
| 300 | |a 80 σ. ; |c 24 εκ. | ||
| 650 | 0 | |a Mathematics |x Study and teaching. | |
| 852 | |a INST |b SAMOS |c MAG |e 20150522 |h 510.712 ΕΛΛ |p 005300035168 |q 005300035168 |t BK |y 0 | ||
| 970 | |a Σιτζίμη |b Γιασεμή |z 2015/05/22 | ||